000 00526nam a2200193Ia 4500
003 LK-CoDNM
008 010623t1982 xxu||||| |||| 00| 1 sin d
040 _aLK-CoDNM
_dLK-CoDNM
_eLK-CoDNM
041 _asin
080 _a891.3.07
_bPIY
100 _aRev.Piyarathana, Kahandamodara Chandrakirthi Sri
245 _aපාළි පාඨ මඤ්ජරී
246 _aPali pata manjari
260 _bM.D.Gunasena
_aColombo
_c1982
300 _b104, 18.5 cm
500 _aNo.2
650 _aPali Language
942 _cBK
999 _c111982
_d111982